Католицизмът папите българофили (Запис номер 347771)
[ съкратено ]
| 000 -Лидер | |
|---|---|
| Контролно поле с фиксирана дължина | nam a22 a 4500 |
| 003 - Код на организацията, давaща контролен номер | |
| Контролно поле | BLK |
| 005 - Дата и час на последна редакция | |
| Контролно поле | 20201007040637.0 |
| 008 - Елементи от данни с фиксирана дължина | |
| fixed length control field | 200115b bu |||||r|||| 00| 0 bu d |
| 020 ## - Международен стандартен номер на книга ISBN | |
| Международен стандартен номер на книга ISBN | 9789542317401 |
| 040 ## - Източник на каталожния запис | |
| Идентификатор на билиотеката - собственик на записа | BLK |
| 041 ## - Код за език | |
| Код за езика на текст/звукозапис или на отделно заглавие | Български |
| Код за езика КДБФ | Български |
| 080 ## - УДК | |
| Текстов определител УДК | Римокатолическа църква |
| УДК код - определител по УДК | 272 |
| УДК определител | (497.2)-9 |
| УДК - код + определител | 272(497.2)-9 |
| 080 ## - УДК | |
| Текстов определител УДК | Римокатолическа църква |
| УДК код - определител по УДК | 272 |
| УДК определител | -722 |
| УДК - код + определител | 272-722 |
| 100 ## - Редна дума - Автор | |
| Автор | Ръжгев, Бойко Павлов |
| Авторска отговорност | първи автор |
| R(LIN) | 1299 |
| 139 ## - Редно поле | |
| Редна дума | Ръжгев |
| Авторски знак | Ръ - Р 97 |
| 245 ## - Сведения за заглавието | |
| Заглавие | Католицизмът папите българофили |
| Подзаглавни данни | : яката вяра в Никополска епархия |
| Редно поле (дума) | Бойко Ръжгев |
| 260 ## - Област на издателските данни | |
| 9 (RLIN) | 210654 |
| Място на издаване, разпространение и проч. | Свищов |
| Име на издателя, разпространителя и проч. | Акад. изд. Д. А. Ценов |
| Година на издаване | 2019 |
| 300 ## - Физическа характеристика | |
| Страници | 252 с. |
| Илюстрации и др. | с ил., портр. |
| Размери/Мащаб | 24 см |
| 380 ## - Жанр | |
| Жанр | Религия. Теология |
| 490 ## - СЕРИИ (Колекции) | |
| 9 (RLIN) | 203335 |
| Име на серия | Поредица Интересно и малко известно |
| №: серия | ISSN C625-0076 |
| 500 ## - Общи забележки | |
| Забележка | Биогр. данни за авт. отбелязани на гърба на кор. |
| 650 #0 - Допълнително описание по предмет – тема | |
| 9 (RLIN) | 279204 |
| Основно описание – тема или топоним | Католицизъм - влияние в България |
| 650 #7 - Допълнително описание по предмет – тема | |
| 9 (RLIN) | 165661 |
| Основно описание – тема или топоним | Папство |
| 653 #7 - Ключова дума – ненормативна | |
| 9 (RLIN) | 188412 |
| Ключова дума | католицизъм |
| 653 #7 - Ключова дума – ненормативна | |
| 9 (RLIN) | 193311 |
| Ключова дума | папство |
| 852 ## - Местоположение | |
| Фондова буква | Хранилище |
| 999 ## - СИСТЕМНИ КОНТРОЛНИ НОМЕРА | |
| Koha biblionumber | 347771 |
| Koha biblioitemnumber | 347771 |
| 942 ## - АРТИКУЛИ | |
| Вид на библиотечния материал | Книги |
| Скрит в OPAC | Не |
| Периодичен библиозапис | Да |
| 944 ## - СЪЗДАВАНЕ И РЕДАКЦИЯ на ЗАПИСА | |
| Създаване/Редакция | Създаване |
| Дата на регистрацията/редакция | 2020-01-15 |
| Служител, извършил регистрацията/редакцията | Микаела Микова - Илиева |
| Статус, дата на статуса | 2020-01-15 |
| 999 ## - СИСТЕМНИ КОНТРОЛНИ НОМЕРА | |
| Koha biblioitemnumber | 347771 |
| 999 ## - СИСТЕМНИ КОНТРОЛНИ НОМЕРА | |
| Koha biblioitemnumber | 347771 |
| Код за отписване | Код за изгубен артикул | Източник на класификационната схема | Код за повреда | Код за отдаване | Артикулен № | Име на библиотеката - собственик | Име на библиотеката, в която се намира в момента | Статус (Текущо местоположение) | Дата на вписване в системата | Местоположение - отдел | Цена в лева | Систематично азбучна сигнатура | Баркод | Цена в евро | Служебен тип на артикула |
|---|---|---|---|---|---|---|---|---|---|---|---|---|---|---|---|
| Не е изгубен | Universal Decimal Classification | Не е повреден | ползва се в читалня | 754456 | Регионална библиотека "Любен Каравелов" Русе | Регионална библиотека "Любен Каравелов" Русе | Хранилище | 2020-01-21 | Хранилище | 13.00 | Цб 297599 | 120000841264 | 6.65 | Книги |